| 000 | 00367nam a2200157Ia 4500 | ||
|---|---|---|---|
| 008 | 230711s9999||||xx |||||||||||||| ||und|| | ||
| 041 | _aENG | ||
| 082 |
_a621 _bSA-E |
||
| 100 | _aSarwate,V.V | ||
| 245 | 0 | _aElectromagnetic fields and waves | |
| 250 | _a1st | ||
| 260 |
_c1993 _aNew Delhi _bWiley Eastern Limited |
||
| 300 | _a457 | ||
| 650 | _aPhysics | ||
| 942 | _cBK | ||
| 999 |
_c2395 _d2395 |
||